| 000 | 00358nam a2200133Ia 4500 | ||
|---|---|---|---|
| 008 | 231129s1992||||xx |||||||||||||| ||spa|| | ||
| 040 | _bspa | ||
| 082 | _a342.029861 V152p | ||
| 100 | _aValencia Villa Alejandro | ||
| 245 | 0 | _aEl pensamiento constitucional de Miguel Antonio Caro | |
| 260 | _c1992 | ||
| 264 | _aInstituto Caro y Cuervo | ||
| 942 |
_2ddc _cBKS |
||
| 999 |
_c12024 _d12024 |
||